000 00473nam a22001817a 4500
005 20240731101320.0
008 240731b |||||||| |||| 00| 0 eng d
020 _a0-618-38191-0
082 _a330
_bTAY-E
100 _aTaylor, John.B
245 _aEconomics/
_cJohn B. Taylor
250 _a4th ed.
260 _aNew York;
_bHoughton Mifflin Company;
_c2004.
300 _axl, 760 p.:
_bill;
_c26 cm.
500 _aInclude index.
650 _aEconomics
999 _c36240
_d36240